00761nam a2200217 a 45000010005000000030009000050080041000140400028000550820017000831000025001002450057001252600044001823000017002266500042002436500044002856500054003296500044003836500031004276500042004586500043005009058CO-ViMGA141112s2004 ck r 000 u spa d aCO-ViMGAbspacCO-ViMGA04a306.098 H37e1 aHERRERA LANE, FELIPE10aEL ESCENARIO LATINOAméricaNO Y EL DESAFIO CULTURAL aSANTIAGO DE CHILE, cED. GALDOC, c1981 a114 p. 22 cm14aAmérica LATINA - RELIGION Y CULTURA14aANTROPOLOGIA CULTURA - América LATINA14aANTROPOLOGIA DE LA educación - América LATINA14aCONVENIOS CULTURALES - América LATINA14aCULTURA - América LATINA14aeducación SOCIAL - América LATINA14aPolítica CULTURAL - América LATINA